| 000 | 00862nam a22002657a 4500 | ||
|---|---|---|---|
| 003 | CHAP | ||
| 005 | 20220329135538.0 | ||
| 008 | 971013s1969 r 00010 d | ||
| 010 | _a38289 | ||
| 011 | _a39261 | ||
| 035 | _a43381 | ||
| 040 | _cCHAP | ||
| 082 |
_a334.683 _bP4 |
||
| 100 | 0 | 0 |
_aPecar, Samuel. _986439 |
| 245 |
_aCooperativas de auditoría en medio rural _b: cooperativas de administración contable en el medio rural |
||
| 260 |
_aTel Aviv : _bCentro de Estudios Cooperativos y Laborales, _c1969 |
||
| 300 | _a159 p. | ||
| 590 |
_aBATCH-UPD _b10 _c20130110 _lUCH01 _h1037 |
||
| 590 |
_aCONVERSION _b10 _c20130109 _lUCH01 _h1321 |
||
| 650 | 1 | 4 |
_aAgricultura cooperativa. _91945 |
| 650 | 1 | 4 |
_aSociedades cooperativas _xColima. _9108124 |
| 901 | _aBK | ||
| 942 | _cLIBRO | ||
| 949 |
_a334.683 P4 _bBC _cLIBRO _d33724000335956 _eLIBRO _h14966 _i43381 _mD _si |
||
| 999 |
_c38289 _d38289 |
||